| 000 | 00853nac a22002411u 4500 | ||
|---|---|---|---|
| 008 | 090426s2001 ii |||||r|||| 00| 0 eng d | ||
| 010 | _a00037324 | ||
| 020 | _a0130894656 | ||
| 020 | _a8120323874 | ||
| 040 |
_aEG-ScBUE _cEG-ScBUE |
||
| 082 | 0 | 4 |
_a658.403 _bTUR _222 |
| 100 | 1 |
_aTurban, Ephraim. _94281 |
|
| 245 | 1 | 0 |
_aDecision support systems and intelligent systems / _cEfraim Turban, Jay E. Aronson ; with contributions by Narasimha Bolloju. |
| 250 | _a6th ed. | ||
| 260 |
_aNew Delhi : _bPrentice Hall of India, _cc2001. |
||
| 300 |
_axxv, 867 p. : _bill. ; _c26 cm. |
||
| 650 | 0 |
_aManagement _xData processing. _94282 _2BUEsh |
|
| 650 | 0 |
_aDecision support systems. _94283 _2BUEsh |
|
| 650 | 0 |
_aExpert systems (Computer science) _94284 _2BUEsh |
|
| 651 | _2BUEsh | ||
| 700 | 1 |
_aAronson, Jay E. _94285 |
|
| 942 |
_cBB _k658.403 TUR _2ddc |
||
| 999 |
_c30499 _d30470 |
||